000 00268nam a22001217a 4500
008 181205b xxu||||| |||| 00| 0 eng d
041 _aeng
080 _a616.9
100 _a8
101 _aINF
245 _aAn Introduction To Virology
_cClyde.r
942 _2udc
_cBK
999 _c52860
_d52860